[Event "AUT_2BO_200607"]
[Site "6 810Zwettl,4 511Bruck/L,2"]
[Date "2006.11.04"]
[Round "4"]
[Board "1"]
[White "Hangweyrer, Manfred"]
[Black "Polak, Thomas"]
[Result "0-1"]
[WhiteElo "2389"]
[BlackElo "2483"]
[PlyCount "122"]
[EventDate "2006.10.06"]
[EventType "team"]
[EventRounds "11"]
[EventCountry "AUT"]
[WhiteTeam "Austria Wien"]
[BlackTeam "SV Stockerau"]

1.e4 c6 2.d4 d5 3.Nd2 dxe4 4.Nxe4 Nd7 5.Bc4 Ngf6 6.Nxf6+ Nxf6 7.c3 Qc7 8.Nf3 Bg4
9.h3 Bh5 10.O-O e6 11.Be2 Bd6 12.Nd2 Bxe2 13.Qxe2 O-O 14.Nc4 Be7 15.Qf3 Nd5
16.Re1 c5 17.Ne3 Rad8 18.Nxd5 Rxd5 19.Be3 Rf5 20.Qe4 c4 21.Re2 Re8 22.g3 Bd6
23.Kg2 Rd5 24.h4 h6 25.Rae1 Rc8 26.Qg4 Qc6 27.Kg1 h5 28.Qe4 Ra5 29.Qxc6 Rxc6
30.a3 Rd5 31.Kg2 Kf8 32.Bg5 Rb6 33.Bc1 Ke7 34.Kf3 Kd7 35.Re4 Kc6 36.R4e2 Kb5
37.Be3 Ka4 38.Ra1 Kb3 39.Kg2 Ra6 40.f4 Raa5 41.Kf3 Ka4 42.Bf2 Rab5 43.Kg2 Rb6
44.Kf3 Rb3 45.Be1 Rxd4 46.Bf2 Rd3+ 47.Kg2 a6 48.Rc1 Rb5 49.Bd4 g6 50.Rce1 Kb3
51.Ra1 Ka4 52.Rae1 Rd5 53.Rc1 Bc5 54.Bxc5 Rxc5 55.Rcc2 Rcd5 56.Kf2 Kb3 57.Kg2 b5
58.Kf2 Rd1 59.Kg2 R5d3 60.Rf2 Re3 61.Kh2 Rdd3

[Event "AUT_2BO_200607"]
[Site "6 810Zwettl,4 511Bruck/L,2"]
[Date "2006.11.04"]
[Round "4"]
[Board "2"]
[White "Groetz, Harald"]
[Black "Plachetka, Jan"]
[Result "1/2-1/2"]
[WhiteElo "2399"]
[BlackElo "2402"]
[PlyCount "52"]
[EventDate "2006.10.06"]
[EventType "team"]
[EventRounds "11"]
[EventCountry "AUT"]
[WhiteTeam "SV Stockerau"]
[BlackTeam "Austria Wien"]

1.e4 c5 2.Nf3 d6 3.d4 cxd4 4.Nxd4 Nf6 5.Nc3 Nc6 6.Bc4 Qb6 7.Ndb5 a6 8.Be3 Qa5
9.Nd4 g6 10.O-O Bg7 11.h3 O-O 12.Bb3 Bd7 13.Nd5 Nxd5 14.exd5 Nxd4 15.Bxd4 Rfe8
16.Re1 Bxd4 17.Qxd4 Qc5 18.Qh4 a5 19.Rxe7 Rxe7 20.Qxe7 a4 21.Qxd7 axb3 22.Qxb7
Rxa2 23.Rxa2 bxc2 24.Ra1 c1=Q+ 25.Rxc1 Qxc1+ 26.Kh2 Qf4+

[Event "AUT_2BO_200607"]
[Site "6 810Zwettl,4 511Bruck/L,2"]
[Date "2006.11.04"]
[Round "4"]
[Board "3"]
[White "Pokorna, Regina"]
[Black "Batyte, Daiva"]
[Result "1-0"]
[WhiteElo "2342"]
[BlackElo "2209"]
[PlyCount "89"]
[EventDate "2006.10.06"]
[EventType "team"]
[EventRounds "11"]
[EventCountry "AUT"]
[WhiteTeam "Austria Wien"]
[BlackTeam "SV Stockerau"]

1.e4 b6 2.d4 Bb7 3.Nc3 e6 4.Nf3 Nf6 5.e5 Nd5 6.Nxd5 Bxd5 7.Ng5 Bb7 8.Qh5 g6
9.Qg4 Bg7 10.Bd3 Nc6 11.O-O Qe7 12.c3 O-O-O 13.Ne4 h6 14.Qe2 g5 15.b4 d5 16.Ng3
Rde8 17.a4 f5 18.exf6 Qxf6 19.a5 e5 20.Nh5 Qf7 21.axb6 exd4 22.Qg4+ Kb8 23.Nxg7
Qxg7 24.b5 Ne5 25.bxa7+ Ka8 26.Qxd4 Rhf8 27.Be3 Qd7 28.Be2 Ng6 29.Bg4 Qf7 30.Bh5
Re4 31.Qc5 Rc8 32.Bd4 Qf5 33.Bxg6 Qxg6 34.Rfe1 Qd6 35.Qxd6 cxd6 36.f3 Ree8
37.Kf2 h5 38.Rxe8 Rxe8 39.Re1 Rxe1 40.Kxe1 g4 41.Kf2 Bc8 42.Kg3 gxf3 43.gxf3 Bd7
44.Kh4 Bxb5 45.Kxh5

[Event "AUT_2BO_200607"]
[Site "6 810Zwettl,4 511Bruck/L,2"]
[Date "2006.11.04"]
[Round "4"]
[Board "4"]
[White "Sadilek, Maximilian"]
[Black "Staudner, Oliver"]
[Result "0-1"]
[WhiteElo "2170"]
[BlackElo "2391"]
[PlyCount "106"]
[EventDate "2006.10.06"]
[EventType "team"]
[EventRounds "11"]
[EventCountry "AUT"]
[WhiteTeam "SV Stockerau"]
[BlackTeam "Austria Wien"]

1.d4 e6 2.Nf3 Nf6 3.Bg5 h6 4.Bxf6 Qxf6 5.e4 d6 6.Nc3 a6 7.Qd2 g5 8.O-O-O g4 9.e5
Qg7 10.Ne1 Nc6 11.f4 Bd7 12.Ne4 O-O-O 13.Qe3 Be7 14.Nd3 h5 15.Be2 Kb8 16.c3 Bc8
17.Rhf1 d5 18.Nd2 Bf8 19.b4 Ne7 20.Nc5 Nf5 21.Qd3 Qg6 22.Ndb3 Nh4 23.Qd2 Ka7
24.b5 g3 25.h3 f6 26.bxa6 b6 27.Nb7 Bxb7 28.axb7 Kxb7 29.Qb2 Ra8 30.Nc5+ Bxc5
31.dxc5 fxe5 32.cxb6 cxb6 33.fxe5 Rhc8 34.Rf6 Qg5+ 35.Kb1 Qxe5 36.Rf7+ Rc7
37.Rxc7+ Kxc7 38.Rf1 Ra5 39.Rf7+ Kc6 40.a4 Qe4+ 41.Kc1 Qxa4 42.Re7 Qa1+ 43.Qxa1
Rxa1+ 44.Kd2 Nxg2 45.Rxe6+ Kc5 46.Re5 Nf4 47.Bf3 h4 48.c4 Kd4 49.Rf5 Ra2+ 50.Kd1
Ke3 51.Bxd5 Nxd5 52.cxd5 g2 53.Re5+ Kf4

[Event "AUT_2BO_200607"]
[Site "6 810Zwettl,4 511Bruck/L,2"]
[Date "2006.11.04"]
[Round "4"]
[Board "5"]
[White "Vokroj, Rene"]
[Black "Wiedermann, Franz"]
[Result "1-0"]
[WhiteElo "2330"]
[BlackElo "2119"]
[PlyCount "67"]
[EventDate "2006.10.06"]
[EventType "team"]
[EventRounds "11"]
[EventCountry "AUT"]
[WhiteTeam "Austria Wien"]
[BlackTeam "SV Stockerau"]

1.Nf3 f5 2.g3 Nf6 3.c4 g6 4.b4 Bg7 5.Bb2 d6 6.d4 c6 7.Bg2 O-O 8.O-O e5 9.dxe5
Ng4 10.Qb3 Nxe5 11.Nxe5 Bxe5 12.c5+ Rf7 13.Bxe5 dxe5 14.Rd1 Qe7 15.Rd6 Na6
16.Na3 Nc7 17.Rad1 Be6 18.Qb2 e4 19.e3 Bd5 20.Bf1 Ne8 21.R6xd5 cxd5 22.Rxd5 Qf6
23.Qd2 Kg7 24.Bc4 Qa1+ 25.Kg2 Nf6 26.Rd4 Re7 27.Nb5 Ng4 28.Qc2 a6 29.Nc3 Qe1
30.Nd5 Rd7 31.Rd1 Qxd1 32.Qxd1 Kh6 33.Qa1 Re8 34.h3

[Event "AUT_2BO_200607"]
[Site "6 810Zwettl,4 511Bruck/L,2"]
[Date "2006.11.04"]
[Round "4"]
[Board "6"]
[White "Schmid, Thomas"]
[Black "Rogetzer, Klaus"]
[Result "1/2-1/2"]
[WhiteElo "2170"]
[BlackElo "2116"]
[PlyCount "36"]
[EventDate "2006.10.06"]
[EventType "team"]
[EventRounds "11"]
[EventCountry "AUT"]
[WhiteTeam "SV Stockerau"]
[BlackTeam "Austria Wien"]

1.e4 g6 2.d4 Bg7 3.Nc3 d5 4.exd5 Nf6 5.Bc4 Nbd7 6.Bg5 Nb6 7.Bxf6 Bxf6 8.Bb3 O-O
9.h3 c6 10.dxc6 bxc6 11.Nge2 a5 12.Na4 Ba6 13.c3 Nxa4 14.Bxa4 Qd5 15.O-O c5
16.dxc5 Qxc5 17.Re1 Rfd8 18.Nd4 Bxd4

[Event "AUT_2BO_200607"]
[Site "6 810Zwettl,4 511Bruck/L,2"]
[Date "2006.11.05"]
[Round "5"]
[Board "1"]
[White "Polak, Thomas"]
[Black "Papp, Gabor"]
[Result "1/2-1/2"]
[WhiteElo "2483"]
[BlackElo "2466"]
[PlyCount "23"]
[EventDate "2006.10.06"]
[EventType "team"]
[EventRounds "11"]
[EventCountry "AUT"]
[WhiteTeam "SV Stockerau"]
[BlackTeam "ASVOe SK Mattersburg"]

1.d4 Nf6 2.c4 e6 3.Nf3 b6 4.g3 Ba6 5.b3 b5 6.cxb5 Bxb5 7.Bg2 Bb4+ 8.Bd2 a5 9.O-O
d5 10.a3 Be7 11.Nc3 Ba6 12.Re1

[Event "AUT_2BO_200607"]
[Site "6 810Zwettl,4 511Bruck/L,2"]
[Date "2006.11.05"]
[Round "5"]
[Board "2"]
[White "Petran, Peter"]
[Black "Groetz, Harald"]
[Result "1/2-1/2"]
[WhiteElo "2320"]
[BlackElo "2399"]
[PlyCount "84"]
[EventDate "2006.10.06"]
[EventType "team"]
[EventRounds "11"]
[EventCountry "AUT"]
[WhiteTeam "ASVOe SK Mattersburg"]
[BlackTeam "SV Stockerau"]

1.g3 e5 2.c4 Nc6 3.Bg2 g6 4.Nc3 Bg7 5.d3 d6 6.Rb1 a5 7.a3 f5 8.e3 Nf6 9.Nge2 O-O
10.b4 axb4 11.axb4 Rb8 12.O-O Be6 13.Nd5 Ne7 14.Nec3 c6 15.Nxf6+ Bxf6 16.Bb2 d5
17.cxd5 Nxd5 18.Nxd5 cxd5 19.Qb3 Qd7 20.d4 e4 21.b5 g5 22.f4 exf3 23.Bxf3 Bg7
24.Bg2 Rbc8 25.Ba3 Rf6 26.Rbc1 Rc4 27.Bc5 h6 28.b6 f4 29.Rce1 fxg3 30.hxg3 Bh3
31.Rxf6 Bxf6 32.Rf1 Bg7 33.Qd3 Qe6 34.Kh2 Bg4 35.Rf2 Ra4 36.Qb3 Rc4 37.Qa3 Kh7
38.Bf1 Bf5 39.Rxf5 Qxf5 40.Bd3 Rc2+ 41.Kg1 Rc1+ 42.Kg2 Rc2+

[Event "AUT_2BO_200607"]
[Site "6 810Zwettl,4 511Bruck/L,2"]
[Date "2006.11.05"]
[Round "5"]
[Board "3"]
[White "Batyte, Daiva"]
[Black "Brod, Manfred"]
[Result "1-0"]
[WhiteElo "2209"]
[BlackElo "2258"]
[PlyCount "97"]
[EventDate "2006.10.06"]
[EventType "team"]
[EventRounds "11"]
[EventCountry "AUT"]
[WhiteTeam "SV Stockerau"]
[BlackTeam "ASVOe SK Mattersburg"]

1.c4 c5 2.Nf3 Nc6 3.g3 g6 4.Nc3 Bg7 5.Bg2 e5 6.d3 Nge7 7.O-O O-O 8.Rb1 d6 9.a3
a5 10.Bd2 h6 11.Qc1 Kh7 12.Nb5 Be6 13.Ne1 Rb8 14.Nc2 d5 15.b3 f5 16.Ne3 d4
17.Nc2 g5 18.b4 b6 19.bxc5 bxc5 20.a4 f4 21.Qa3 Nb4 22.Nxb4 cxb4 23.Qc1 Qd7
24.c5 Rbc8 25.Nd6 Rc7 26.Nb5 Rcc8 27.Nd6 Rb8 28.Be4+ Kh8 29.Nc4 Qc7 30.Nd6 Nc6
31.f3 Rf6 32.g4 Bf8 33.Kf2 Be7 34.Rh1 Kg7 35.h4 Rff8 36.hxg5 Bxg5 37.Rh5 Kf6
38.Bxc6 Qxc6 39.Ne4+ Kg6 40.Qh1 Rg8 41.Rxg5+ hxg5 42.Qh5+ Kg7 43.Qxg5+ Kf8
44.Qf6+ Ke8 45.Qxe5 Ke7 46.Bxf4 Qxa4 47.Rh1 Rbf8 48.Rh7+ Rf7 49.Qd6+

[Event "AUT_2BO_200607"]
[Site "6 810Zwettl,4 511Bruck/L,2"]
[Date "2006.11.05"]
[Round "5"]
[Board "4"]
[White "Riedner, Martin"]
[Black "Sadilek, Maximilian"]
[Result "1-0"]
[WhiteElo "2175"]
[BlackElo "2170"]
[PlyCount "93"]
[EventDate "2006.10.06"]
[EventType "team"]
[EventRounds "11"]
[EventCountry "AUT"]
[WhiteTeam "ASVOe SK Mattersburg"]
[BlackTeam "SV Stockerau"]

1.Nf3 d5 2.c4 dxc4 3.e3 Nf6 4.Bxc4 e6 5.d4 a6 6.O-O b5 7.Bd3 Bb7 8.Qe2 c5 9.dxc5
Bxc5 10.Bxb5+ Nbd7 11.Ba4 O-O 12.Nc3 Qc7 13.h3 Rad8 14.Bc2 e5 15.Ng5 Ba7 16.Nge4
Nxe4 17.Nxe4 Qc6 18.f3 h6 19.Rd1 Nc5 20.Bd2 Ne6 21.Rac1 Nf4 22.Qf1 Qb6 23.Bb3
Nd3 24.Rc2 Nb4 25.Rc3 Nd5 26.Rd3 Nf4 27.Rxd8 Rxd8 28.Kh2 Ne6 29.Qe1 Qc6 30.Bc3
Rxd1 31.Qxd1 Nc5 32.Qd8+ Kh7 33.Bxf7 Qc8 34.Qxc8 Bxc8 35.Nxc5 Bxc5 36.e4 Bd4
37.Bxd4 exd4 38.Kg3 g5 39.b4 Kg7 40.Bc4 Kf6 41.f4 Bb7 42.Kf3 h5 43.Bd3 Kg6 44.g3
Kf6 45.h4 gxf4 46.gxf4 Ke6 47.Ke2

[Event "AUT_2BO_200607"]
[Site "6 810Zwettl,4 511Bruck/L,2"]
[Date "2006.11.05"]
[Round "5"]
[Board "5"]
[White "Schirmbeck, Hannes"]
[Black "Salamon, Werner"]
[Result "1/2-1/2"]
[WhiteElo "2141"]
[BlackElo "2176"]
[PlyCount "64"]
[EventDate "2006.10.06"]
[EventType "team"]
[EventRounds "11"]
[EventCountry "AUT"]
[WhiteTeam "SV Stockerau"]
[BlackTeam "ASVOe SK Mattersburg"]

1.c4 e6 2.Nc3 d5 3.d4 Nf6 4.Nf3 Be7 5.g3 O-O 6.Bg2 c5 7.cxd5 exd5 8.O-O Nc6 9.a3
cxd4 10.Nxd4 Re8 11.b4 Bf8 12.Bg5 h6 13.Bxf6 Qxf6 14.Ndb5 Be6 15.Nxd5 Bxd5
16.Bxd5 Rad8 17.Rc1 Rd7 18.Nc3 Red8 19.e4 a5 20.Qa4 axb4 21.Bxc6 bxc6 22.axb4
Rd4 23.Na2 c5 24.Nc3 Qf3 25.Qa5 cxb4 26.Nd5 Re8 27.Rb1 Rdxe4 28.Qc7 Re2 29.Qc6
Qe4 30.Qb5 Rc2 31.Nxb4 Bxb4 32.Qxb4 Qxb4

[Event "AUT_2BO_200607"]
[Site "6 810Zwettl,4 511Bruck/L,2"]
[Date "2006.11.05"]
[Round "5"]
[Board "6"]
[White "Savio, Alfred Jun"]
[Black "Schmid, Thomas"]
[Result "1/2-1/2"]
[WhiteElo "2060"]
[BlackElo "2170"]
[PlyCount "75"]
[EventDate "2006.10.06"]
[EventType "team"]
[EventRounds "11"]
[EventCountry "AUT"]
[WhiteTeam "ASVOe SK Mattersburg"]
[BlackTeam "SV Stockerau"]

1.d4 Nf6 2.Nf3 g6 3.Nbd2 Bg7 4.e4 d6 5.b3 c5 6.c3 O-O 7.Bd3 Nc6 8.Bb2 a6 9.d5
Nb8 10.c4 e5 11.b4 Nbd7 12.a3 Ne8 13.Qc2 Bh6 14.Nb3 b6 15.Bc1 Bxc1 16.Qxc1 Ng7
17.Qh6 f6 18.h4 Qe7 19.Rb1 Nh5 20.Kd2 a5 21.bxa5 bxa5 22.Nc1 Nf4 23.Na2 Qg7
24.Qxg7+ Kxg7 25.g3 Nxd3 26.Kxd3 Ba6 27.Nc3 Rab8 28.Nb5 Bxb5 29.Rxb5 Rxb5
30.cxb5 Nb6 31.Nd2 f5 32.f3 a4 33.Rf1 Rf7 34.Re1 f4 35.g4 Rb7 36.Rc1 Kf8 37.Nc4
Nxc4 38.Kxc4

[Event "AUT_2BO_200607"]
[Site "6 810Zwettl,4 511Bruck/L,2"]
[Date "2006.11.05"]
[Round "5"]
[Board "1"]
[White "Manik, Mikulas"]
[Black "Hangweyrer, Manfred"]
[Result "1/2-1/2"]
[WhiteElo "2454"]
[BlackElo "2389"]
[PlyCount "27"]
[EventDate "2006.10.06"]
[EventType "team"]
[EventRounds "11"]
[EventCountry "AUT"]
[WhiteTeam "OMV Pamhagen"]
[BlackTeam "Austria Wien"]

1.e4 c5 2.Nf3 Nc6 3.Nc3 g6 4.d4 cxd4 5.Nxd4 Bg7 6.Be3 Nf6 7.Bc4 O-O 8.Bb3 a5
9.a3 Ng4 10.Qxg4 Nxd4 11.Qd1 Nxb3 12.cxb3 d6 13.O-O Bd7 14.Qd2

[Event "AUT_2BO_200607"]
[Site "6 810Zwettl,4 511Bruck/L,2"]
[Date "2006.11.05"]
[Round "5"]
[Board "2"]
[White "Plachetka, Jan"]
[Black "Alvir, Aco"]
[Result "0-1"]
[WhiteElo "2402"]
[BlackElo "2370"]
[PlyCount "98"]
[EventDate "2006.10.06"]
[EventType "team"]
[EventRounds "11"]
[EventCountry "AUT"]
[WhiteTeam "Austria Wien"]
[BlackTeam "OMV Pamhagen"]

1.e4 c5 2.Nf3 d6 3.d4 Nf6 4.Nc3 cxd4 5.Nxd4 a6 6.Bc4 g6 7.O-O Bg7 8.h3 O-O 9.Re1
b5 10.Bd5 Nxd5 11.exd5 b4 12.Nce2 Bb7 13.Bg5 Re8 14.c4 Qb6 15.Qa4 Rc8 16.Be3 Qc7
17.Qxb4 a5 18.Qb3 a4 19.Qb4 Na6 20.Qxa4 Qxc4 21.Qxc4 Rxc4 22.b3 Rcc8 23.a3 Bxd5
24.b4 Bc4 25.Rac1 e5 26.Nf3 d5 27.Bb6 Rab8 28.Ba5 f6 29.Nc3 Bh6 30.Rcd1 Bb3
31.Nxd5 Bxd1 32.Nxf6+ Kg7 33.Rxd1 Kxf6 34.Rd6+ Kf5 35.Rxa6 Ke4 36.Kh2 Bf4+
37.Kh1 Rc2 38.Bb6 Rc6 39.Ba7 Rxa6 40.Bxb8 Rxa3 41.Bd6 Kd5 42.Bc5 e4 43.Ng1 Ra2
44.g3 Bd6 45.Be3 Bxb4 46.h4 Bc5 47.Bxc5 Kxc5 48.Nh3 Kd4 49.Kg1 e3

[Event "AUT_2BO_200607"]
[Site "6 810Zwettl,4 511Bruck/L,2"]
[Date "2006.11.05"]
[Round "5"]
[Board "3"]
[White "Lipka, Juraj"]
[Black "Pokorna, Regina"]
[Result "1/2-1/2"]
[WhiteElo "2418"]
[BlackElo "2342"]
[PlyCount "59"]
[EventDate "2006.10.06"]
[EventType "team"]
[EventRounds "11"]
[EventCountry "AUT"]
[WhiteTeam "OMV Pamhagen"]
[BlackTeam "Austria Wien"]

1.Nf3 Nf6 2.c4 e6 3.g3 b6 4.Bg2 Bb7 5.O-O Be7 6.Nc3 O-O 7.Re1 Ne4 8.Nxe4 Bxe4
9.d3 Bb7 10.e4 d6 11.d4 Nd7 12.b3 a5 13.Bb2 Ra7 14.a3 Re8 15.Qc2 Bf8 16.Rad1 Qa8
17.Bh3 Nf6 18.d5 e5 19.Nd2 c6 20.dxc6 Bxc6 21.a4 Nd7 22.Bxd7 Bxd7 23.Nb1 Bg4
24.Rd2 f5 25.Nc3 Rf7 26.Qd3 Bh3 27.Nd5 Qd8 28.exf5 Bxf5 29.Qe3 Bg4 30.f4

[Event "AUT_2BO_200607"]
[Site "6 810Zwettl,4 511Bruck/L,2"]
[Date "2006.11.05"]
[Round "5"]
[Board "4"]
[White "Beckhuis, Gernod"]
[Black "Franzen, Jozef"]
[Result "1/2-1/2"]
[WhiteElo "2313"]
[BlackElo "2344"]
[PlyCount "85"]
[EventDate "2006.10.06"]
[EventType "team"]
[EventRounds "11"]
[EventCountry "AUT"]
[WhiteTeam "Austria Wien"]
[BlackTeam "OMV Pamhagen"]

1.d4 Nf6 2.c4 e6 3.Nf3 Bb4+ 4.Nbd2 O-O 5.a3 Bxd2+ 6.Qxd2 b6 7.e3 Bb7 8.Be2 d6
9.O-O Nbd7 10.b4 Ne4 11.Qc2 f5 12.Bb2 Ndf6 13.d5 e5 14.Nd2 Bc8 15.f3 Nxd2
16.Qxd2 Bd7 17.c5 Qe7 18.Rac1 Be8 19.Bc4 Bf7 20.cxb6 cxb6 21.Qd3 Bg6 22.Bb3 e4
23.Qd4 exf3 24.gxf3 Nh5 25.Kh1 Rae8 26.Rce1 f4 27.e4 Qh4 28.Qf2 Qh3 29.Ba4 Ng3+
30.Kg1 Nxf1 31.Bxe8 Nxh2 32.Qxh2 Qxh2+ 33.Kxh2 Rxe8 34.Rc1 Bh5 35.Kg2 Re7 36.Rc6
Rd7 37.b5 g5 38.a4 g4 39.fxg4 Bxg4 40.Ba3 Re7 41.Rc4 Be2 42.Rc8+ Kf7 43.Bxd6

[Event "AUT_2BO_200607"]
[Site "6 810Zwettl,4 511Bruck/L,2"]
[Date "2006.11.05"]
[Round "5"]
[Board "5"]
[White "Kuthan, Andreas"]
[Black "Staudner, Oliver"]
[Result "0-1"]
[WhiteElo "2221"]
[BlackElo "2391"]
[PlyCount "56"]
[EventDate "2006.10.06"]
[EventType "team"]
[EventRounds "11"]
[EventCountry "AUT"]
[WhiteTeam "OMV Pamhagen"]
[BlackTeam "Austria Wien"]

1.d4 e6 2.Nf3 Nf6 3.c4 b6 4.e3 Bb7 5.Bd3 Bb4+ 6.Nbd2 O-O 7.O-O d5 8.a3 Be7 9.b4
dxc4 10.Nxc4 Nbd7 11.Bb2 c5 12.dxc5 bxc5 13.b5 a6 14.Nce5 Nxe5 15.Nxe5 axb5
16.Bxb5 Qc7 17.Nc4 Bxg2 18.Kxg2 Qb7+ 19.Qf3 Qxb5 20.Rac1 Ra4 21.Qe2 Rd8 22.Rc2
h6 23.Rfc1 Kf8 24.Kf1 Qb7 25.f3 Nd5 26.Kg1 Bg5 27.f4 Bf6 28.Qf3 Rxc4

[Event "AUT_2BO_200607"]
[Site "6 810Zwettl,4 511Bruck/L,2"]
[Date "2006.11.05"]
[Round "5"]
[Board "6"]
[White "Vokroj, Rene"]
[Black "Froschauer, Hans"]
[Result "1-0"]
[WhiteElo "2330"]
[BlackElo "2180"]
[PlyCount "69"]
[EventDate "2006.10.06"]
[EventType "team"]
[EventRounds "11"]
[EventCountry "AUT"]
[WhiteTeam "Austria Wien"]
[BlackTeam "OMV Pamhagen"]

1.Nf3 d5 2.c4 e6 3.g3 c6 4.b3 Nf6 5.Bg2 Be7 6.Bb2 O-O 7.O-O Nbd7 8.d3 b6 9.Nbd2
Bb7 10.e4 c5 11.cxd5 exd5 12.e5 Ne8 13.Ne1 Nc7 14.f4 f6 15.Qg4 f5 16.Qe2 Ne6
17.Nc2 b5 18.Ne3 Nb6 19.g4 g6 20.gxf5 gxf5 21.Nxf5 Rxf5 22.Qg4+ Ng7 23.Ne4 Bc8
24.e6 d4 25.Ng3 Bxe6 26.Bxa8 Qxa8 27.Nxf5 Bxf5 28.Qg3 Kf7 29.b4 Nd5 30.Rae1 Qd8
31.bxc5 Nh5 32.Qf3 Nhxf4 33.Re5 Qg8+ 34.Kh1 Bxd3 35.Qxd5+

[Event "AUT_2BO_200607"]
[Site "6 810Zwettl,4 511Bruck/L,2"]
[Date "2006.11.05"]
[Round "5"]
[Board "1"]
[White "Beim, Valeri"]
[Black "Schlosser, Michael"]
[Result "1-0"]
[WhiteElo "2514"]
[BlackElo "2335"]
[PlyCount "43"]
[EventDate "2006.10.06"]
[EventType "team"]
[EventRounds "11"]
[EventCountry "AUT"]
[WhiteTeam "SV Tschaturanga Neubau"]
[BlackTeam "Aljechin/Wieden"]

1.Nf3 g6 2.e4 Bg7 3.d4 d6 4.Nc3 Nf6 5.Be2 O-O 6.O-O a6 7.Re1 b5 8.e5 Nfd7 9.e6
fxe6 10.Ng5 Nf6 11.Bf3 c6 12.Nxe6 Bxe6 13.Rxe6 d5 14.Qe2 Rf7 15.Bg5 Ra7 16.Re1
Bf8 17.Bf4 Nfd7 18.Bg3 Qa5 19.Nxd5 cxd5 20.Bxd5 Qd8 21.Rxe7 Ne5 22.Bxf7+

[Event "AUT_2BO_200607"]
[Site "6 810Zwettl,4 511Bruck/L,2"]
[Date "2006.11.05"]
[Round "5"]
[Board "2"]
[White "Pachta, Paul"]
[Black "Srienz, Christian"]
[Result "0-1"]
[WhiteElo "2300"]
[BlackElo "2241"]
[PlyCount "48"]
[EventDate "2006.10.06"]
[EventType "team"]
[EventRounds "11"]
[EventCountry "AUT"]
[WhiteTeam "Aljechin/Wieden"]
[BlackTeam "SV Tschaturanga Neubau"]

1.d4 Nf6 2.Nf3 e6 3.c4 c5 4.d5 d6 5.Nc3 exd5 6.cxd5 g6 7.e4 a6 8.a4 Bg4 9.Be2
Bxf3 10.Bxf3 Bg7 11.O-O O-O 12.Bf4 Qe7 13.Re1 Nbd7 14.Qc2 h5 15.Rad1 Nh7 16.h3
Rfe8 17.g3 h4 18.Bg2 Ne5 19.Bc1 c4 20.Re2 Nd3 21.Bd2 hxg3 22.fxg3 Be5 23.Kh2 Qh4
24.Re3 Nf2

[Event "AUT_2BO_200607"]
[Site "6 810Zwettl,4 511Bruck/L,2"]
[Date "2006.11.05"]
[Round "5"]
[Board "3"]
[White "Kleiser, Gregor"]
[Black "Hodisch, Juri"]
[Result "1-0"]
[WhiteElo "2276"]
[BlackElo "2349"]
[PlyCount "55"]
[EventDate "2006.10.06"]
[EventType "team"]
[EventRounds "11"]
[EventCountry "AUT"]
[WhiteTeam "SV Tschaturanga Neubau"]
[BlackTeam "Aljechin/Wieden"]

1.d4 Nf6 2.c4 e6 3.Nc3 Bb4 4.e3 c5 5.Nge2 cxd4 6.exd4 O-O 7.a3 Be7 8.Nf4 d5
9.cxd5 Nxd5 10.Ncxd5 exd5 11.Be2 Nc6 12.Bf3 Bf6 13.Be3 Be6 14.O-O Qd6 15.Qd2 g6
16.b4 Rfc8 17.Rfe1 Rd8 18.h3 Ne7 19.Nxe6 Qxe6 20.Rac1 Qb6 21.Bg5 Nf5 22.Bxf6
Qxf6 23.Re5 Nh4 24.Bxd5 Rd7 25.Rce1 Rad8 26.Qh6 Rf8 27.Re8 Qd6 28.R1e7

[Event "AUT_2BO_200607"]
[Site "6 810Zwettl,4 511Bruck/L,2"]
[Date "2006.11.05"]
[Round "5"]
[Board "4"]
[White "Vitouch, Anatol"]
[Black "Ernst, Michael"]
[Result "0-1"]
[WhiteElo "2208"]
[BlackElo "2177"]
[PlyCount "96"]
[EventDate "2006.10.06"]
[EventType "team"]
[EventRounds "11"]
[EventCountry "AUT"]
[WhiteTeam "Aljechin/Wieden"]
[BlackTeam "SV Tschaturanga Neubau"]

1.Nf3 Nf6 2.c4 g6 3.d4 Bg7 4.g3 d5 5.cxd5 Nxd5 6.Bg2 Nb6 7.O-O Nc6 8.e3 O-O
9.Nc3 Re8 10.d5 Na5 11.Nd4 Bd7 12.e4 c5 13.Nde2 e6 14.Be3 exd5 15.exd5 Nac4
16.Bxc5 Nxb2 17.Qb3 N2a4 18.Be3 Rc8 19.Ne4 Bf5 20.Bxb6 Nxb6 21.N2c3 Bxe4 22.Nxe4
Bxa1 23.Rxa1 Kg7 24.Rd1 Rc4 25.Qb2+ f6 26.Nc3 Qd6 27.Nb5 Qb4 28.Qxb4 Rxb4 29.Nc7
Re2 30.Bf1 Rxa2 31.d6 Nd7 32.Bb5 Rxb5 33.Nxb5 a6 34.Rc1 Kf8 35.Rc7 Ke8 36.Rc8+
Kf7 37.Rd8 Nc5 38.Nc7 Rd2 39.f3 b5 40.h4 b4 41.Ra8 Rxd6 42.Rh8 Kg7 43.Rc8 Rd7
44.Ne8+ Kf7 45.Nxf6 Kxf6 46.Rxc5 Rb7 47.Rc6+ Ke5 48.Rxa6 b3

[Event "AUT_2BO_200607"]
[Site "6 810Zwettl,4 511Bruck/L,2"]
[Date "2006.11.05"]
[Round "5"]
[Board "5"]
[White "Petschar, Hans"]
[Black "Wirius, Johannes"]
[Result "1-0"]
[WhiteElo "2109"]
[BlackElo "2188"]
[PlyCount "55"]
[EventDate "2006.10.06"]
[EventType "team"]
[EventRounds "11"]
[EventCountry "AUT"]
[WhiteTeam "SV Tschaturanga Neubau"]
[BlackTeam "Aljechin/Wieden"]

1.Nf3 c5 2.c4 g6 3.e3 Bg7 4.d4 Nf6 5.d5 d6 6.Nc3 O-O 7.Be2 a6 8.h3 e6 9.e4 exd5
10.exd5 Re8 11.O-O Nbd7 12.Bf4 Qc7 13.Qd2 b6 14.Bd3 Bb7 15.Bc2 Nh5 16.Bh2 Ne5
17.Nxe5 Bxe5 18.Bxe5 Rxe5 19.f4 Ree8 20.f5 Qe7 21.Ne4 Bc8 22.fxg6 hxg6 23.Qh6
Qe5 24.Ng5 Qd4+ 25.Rf2 Ra7 26.Bxg6 Re2 27.Bh7+ Kh8 28.Qf8#

[Event "AUT_2BO_200607"]
[Site "6 810Zwettl,4 511Bruck/L,2"]
[Date "2006.11.05"]
[Round "5"]
[Board "2"]
[White "Neumeier, Klaus"]
[Black "Steinwender, Peter"]
[Result "1-0"]
[WhiteElo "2289"]
[BlackElo "2111"]
[PlyCount "37"]
[EventDate "2006.10.06"]
[EventType "team"]
[EventRounds "11"]
[EventCountry "AUT"]
[WhiteTeam "SPG Data Technology Eichgraben/Pressbaum"]
[BlackTeam "ASVOe Wulkaprodersdorf"]

1.e4 c5 2.Nf3 d6 3.Bb5+ Nd7 4.d4 cxd4 5.Qxd4 a6 6.Bxd7+ Bxd7 7.Nc3 Nf6 8.Bg5 e6
9.O-O-O h6 10.Bh4 g5 11.Bg3 e5 12.Nxe5 dxe5 13.Bxe5 Be7 14.Rhe1 Bg4 15.Nd5 Bxd1
16.Bxf6 Bxf6 17.Nxf6+ Kf8 18.Nd7+ Ke7 19.Rxd1

[Event "AUT_2BO_200607"]
[Site "6 810Zwettl,4 511Bruck/L,2"]
[Date "2006.11.05"]
[Round "5"]
[Board "3"]
[White "Heiny, Johannes"]
[Black "Weissenbeck, Manuel"]
[Result "1-0"]
[WhiteElo "2153"]
[BlackElo "2247"]
[PlyCount "107"]
[EventDate "2006.10.06"]
[EventType "team"]
[EventRounds "11"]
[EventCountry "AUT"]
[WhiteTeam "ASVOe Wulkaprodersdorf"]
[BlackTeam "SPG Data Technology Eichgraben/Pressbaum"]

1.Nf3 c5 2.g3 Nf6 3.Bg2 e6 4.O-O Be7 5.d4 O-O 6.c4 d5 7.cxd5 exd5 8.dxc5 Na6
9.Nc3 Nxc5 10.Be3 Bf5 11.Rc1 Rc8 12.Nd4 Bg4 13.Na4 b6 14.b4 Ne6 15.Nc6 Qd7 16.b5
d4 17.Bxd4 Rxc6 18.bxc6 Qxd4 19.Qb3 Nc5 20.Nxc5 Bxc5 21.e3 Qe5 22.Qa4 Qc7 23.h3
Be6 24.Rfd1 a5 25.Rd3 Re8 26.Rcd1 Bf5 27.R3d2 h6 28.Kh2 Kf8 29.e4 Bxe4 30.Rd7
Qe5 31.Bxe4 Nxe4 32.Qc4 Qf6 33.f4 Nd6 34.Qd5 Qb2+ 35.Rd2 Re2+ 36.Rxe2 Qxe2+
37.Qg2 Qe6 38.Rd8+ Ke7 39.c7 b5 40.f5 Qxf5 41.Qe2+ Kf6 42.Kg2 Nc8 43.Qf3 Qxf3+
44.Kxf3 Ke7 45.Rxc8 Kd7 46.Rg8 Kxc7 47.Rxg7 b4 48.Rxf7+ Kc6 49.Rf6+ Kb5 50.Rxh6
a4 51.Re6 Bd4 52.Ke4 Kc4 53.Ra6 a3 54.g4